000 00689nam a22002177a 4500
003 UA-OsUOA
001 104807
007 ta
008 20140129b un ||||| |||| 00| 0 ukr d
100 _aШевченко О.М.
090 _a330(477)
_bШ37
942 _cSA
040 _aUA-OsUOA
_bukr
_cUA-OsUOA
_dUA-OsUOA
245 _aСучасні тенденції функціонування ринку корпоративних облігацій в Україні
300 _aС.10-17
955 _a0
041 _aukr
080 _a330(477)
773 0 _w104806
_tЕкономіка. Фінанси. Право.
_dК.
_d2014
_g1
650 7 _a330 Економіка взагалі
_2UDC
999 _c391081
_d391081